| 000 | 00647nam a2200229 4500 | ||
|---|---|---|---|
| 003 | OSt | ||
| 005 | 20160530184334.0 | ||
| 008 | 160530b xxu||||| |||| 00| 0 eng d | ||
| 020 | _a0113225288 | ||
| 040 | _c040a | ||
| 082 |
_aQW 4 _b16i 2006 |
||
| 245 |
_aImmunisatiom against infectious diseases / _cDavid Salisbury, Mary Ramsay, Karen Noakes |
||
| 250 | _a3rd.ed | ||
| 260 |
_aLondon _bStationary offfice _c2006 |
||
| 300 |
_avii,468: _c8cm. |
||
| 504 | _aIncludes index | ||
| 650 |
_aInfectious disease _92475 |
||
| 700 |
_aSalisbury, David _99126 |
||
| 700 |
_aRamsay, Mary _99127 |
||
| 700 |
_aNoakes, Karen _99128 |
||
| 942 |
_2ddc _cO_SHELF |
||
| 999 |
_c4235 _d4235 |
||